000 00786nam a2200229Ia 4500
001 5050
003 GE_BSU
008 181216s||||||||xx |||||||||||||| ||und||
040 _cGE_BSU
080 _a624.012.45(075.8)
100 _aБайков,В.Н. Дроздов,П.Ф. Трифонов,И.А. и др.
245 _aЖележобетонные конструкции: спец. курс.
245 _bУчеб. пособие для вузов.
245 _cПод ред. В.Н.Байкова.
250 _aИзд 3-ое, перераб.
260 _aМ.
260 _bСтройиздат.
260 _c1981.
300 _a767стр.22см.с илл.Библиогр.:стр.747-749.
653 _aЖележобетонные конструкции
942 _cBK
999 _c38733
_d38733